000 00786nam a22002177a 4500
003 OSt
005 20251124093425.0
008 251124b |||||||| |||| 00| 0 eng d
020 _a 978-1119097891
040 _aDWCL-Main lib
_cOC
082 _aCirc. 720.285 C481 2018
100 _aPeters, Brandy
245 _aComputing the environment :
_bdigital design tools for simulation and visualization of sustainable architecture/
_cBrandy Peters
260 _aWst Sussex, U.K :
_bJohn Wiley and Sons,
_cc2018.
300 _a ix, 242 pages :
_bcolor illustrations ;
_c25cm
504 _aIncludes index
650 _a1. Architecture
650 _a2. artificial intelligence. robotics. simulation, graphics
650 _a3. Information systems
942 _2ddc
_cBK-CIRC
_kCirc.
_n0
999 _c6040
_d6040